The parables after Jesus : (Registro nro. 30496)

Detalles MARC
000 -LEADER
campo de control de longitud fija 03129cam a22004934i 4500
003 - IDENTIFICADOR DE NÚMERO DE CONTROL
campo de control PE-LiUPU
005 - FECHA Y HORA DE LA ÚLTIMA TRANSACCIÓN
campo de control 20250731173109.0
008 - DATOS DE LONGITUD FIJA--INFORMACIÓN GENERAL
campo de control de longitud fija 181213s2017 miua rb 001 0 eng d
020 ## - NÚMERO INTERNACIONAL ESTÁNDAR DEL LIBRO
Número Internacional Estándar del Libro 0801049997
020 ## - NÚMERO INTERNACIONAL ESTÁNDAR DEL LIBRO
Número Internacional Estándar del Libro 9780801049996
035 ## - NÚMERO DE CONTROL DEL SISTEMA
Número de control de sistema (Sirsi) a251044
040 ## - FUENTE DE CATALOGACIÓN
Centro catalogador/agencia de origen PE-LiUPU
Lengua de catalogación spa
Centro/agencia transcriptor PE-LiUPU
Normas de descripción rda
049 ## - FONDOS LOCALES (OCLC)
Biblioteca depositaria PRUA
082 04 - NÚMERO DE LA CLASIFICACIÓN DECIMAL DEWEY
Número de clasificación 226.8
Cutter G76
Número de edición 23
100 1# - ENTRADA PRINCIPAL--NOMBRE DE PERSONA
Nombre de persona Gowler, David B.,
Término indicativo de función/relación autor.
245 14 - MENCIÓN DEL TÍTULO
Título The parables after Jesus :
Resto del título their imaginative receptions across two millennia /
Mención de responsabilidad, etc. David B. Gowler.
264 #1 - PRODUCCIÓN, PUBLICACIÓN, DISTRIBUCIÓN, FABRICACIÓN Y COPYRIGHT
Producción, publicación, distribución, fabricación y copyright Grand Rapids, Michigan :
Nombre del de productor, editor, distribuidor, fabricante Baker Academic, a division of Baker Publishing Group,
Fecha de producción, publicación, distribución, fabricación o copyright [2017].
300 ## - DESCRIPCIÓN FÍSICA
Extensión xv, 301 páginas :
Otras características físicas ilustraciones ;
Dimensiones 23 centímetros
336 ## - TIPO DE CONTENIDO
Término de tipo de contenido text
Fuente rdacontent
337 ## - TIPO DE MEDIO
Nombre/término del tipo de medio unmediated
Fuente rdamedia
338 ## - TIPO DE SOPORTE
Nombre/término del tipo de soporte volume
Fuente rdacarrier
504 ## - NOTA DE BIBLIOGRAFÍA, ETC.
Nota de bibliografía, etc. Bibliografía: página 275-288.
504 ## - NOTA DE BIBLIOGRAFÍA, ETC.
Nota de bibliografía, etc. Índice: páginas 289-301.
505 0# - NOTA DE CONTENIDO CON FORMATO
Nota de contenido con formato The afterlives of Jesus' parables in antiquity (to ca. 550 CE): Irenaeus, The gospel of Philip, Clement of Alexandria, Tertullian, Origen, John Chrysostom, Augustine, Macrina the Younger, Ephrem the Syrian, The good shepherd in early Christian art, Illuminations from the Rossano gospels, Byzantine mosaics, Romanos the Melodist -- The afterlives of Jesus' parables in the Middle Ages (ca. 530-1500 CE): Gregory the Great, Sahih al-Bukhari, Wazo of Liège, The golden gospels of Echternach, Theophylact, Hildegard of Bingen, Chartres Cathedral, Bonaventure, Thomas Aquinas, John Gower, Antonia Pulci, Albrecht Dürer -- The afterlives of Jesus' parables in the sixteenth and seventeenth centuries : Martin Luther, Anna Jansz of Rotterdam, John Calvin, John Maldonatus, William Shakespeare, Domenico Fetti, George Herbert, Roger Williams, Rembrandt Harmenszoon van Rijn, John Bunyan -- The afterlives of Jesus' parables in the eighteenth and nineteenth centuries : William Blake, Søren Kierkegaard, Frederick Douglass, Fanny Crosby, Leo Tolstoy, John Everett Millais, Emily Dickinson, Charles Haddon Spurgeon, Adolf Jülicher -- The afterlives of Jesus' parables in the twentieth and twenty-first centuries : Thomas Hart Benton, Parables and the blues : Rev. Robert Wilkins, Flannery O'Connor, Martin Luther King Jr., Godspell, Two Latin American receptions : The peasants of Solentiname, Elsa Tamez, David Flusser, Octavia Butler, Thich Nhat Hahn -- Conclusion : what do parables want?
526 ## - NOTA DE INFORMACIÓN SOBRE EL PROGRAMA DE ESTUDIO
Nombre del programa Segunda Especialidad En Profecías Bíblicas
526 ## - NOTA DE INFORMACIÓN SOBRE EL PROGRAMA DE ESTUDIO
Nombre del programa Segunda Especialidad En Nuevo Testamento
526 ## - NOTA DE INFORMACIÓN SOBRE EL PROGRAMA DE ESTUDIO
Nombre del programa Segunda Especialidad En Antiguo Testamento
526 ## - NOTA DE INFORMACIÓN SOBRE EL PROGRAMA DE ESTUDIO
Nombre del programa Segunda Especialidad En Estudios Adventistas
526 ## - NOTA DE INFORMACIÓN SOBRE EL PROGRAMA DE ESTUDIO
Nombre del programa Doctorado en teología
526 ## - NOTA DE INFORMACIÓN SOBRE EL PROGRAMA DE ESTUDIO
Nombre del programa Maestría en teología histórica
526 ## - NOTA DE INFORMACIÓN SOBRE EL PROGRAMA DE ESTUDIO
Nombre del programa Maestría en teología bíblica
526 ## - NOTA DE INFORMACIÓN SOBRE EL PROGRAMA DE ESTUDIO
Nombre del programa Maestría en teología
526 ## - NOTA DE INFORMACIÓN SOBRE EL PROGRAMA DE ESTUDIO
Nombre del programa Maestría en misionología
526 ## - NOTA DE INFORMACIÓN SOBRE EL PROGRAMA DE ESTUDIO
Nombre del programa Maestría en liderazgo eclesiástico
526 ## - NOTA DE INFORMACIÓN SOBRE EL PROGRAMA DE ESTUDIO
Nombre del programa Teología
596 ## -
-- 1
630 07 - PUNTO DE ACCESO ADICIONAL DE MATERIA--TÍTULO UNIFORME
Título uniforme Biblia.
Nombre de parte o sección de la obra N.T.
Fuente del encabezamiento o término gnd
Número de control del registro de autoridad o número normalizado (DE-588)4041771-2
650 07 - PUNTO DE ACCESO ADICIONAL DE MATERIA--TÉRMINO DE MATERIA
Término de materia o nombre geográfico como elemento de entrada Parábola (literatura)
Número de control del registro de autoridad o número normalizado (DE-588)4075855-2
Fuente del encabezamiento o término gnd
910 ## - DATOS DE OPCIÓN DEL USUARIO (OCLC)
Datos de opción del usuario dbm
-- sag
-- sag
-- 20181213
942 ## - ELEMENTOS DE ENTRADA SECUNDARIOS (KOHA)
Fuente del sistema de clasificación o colocación Clasificación Decimal Dewey
Tipo de ítem Koha
994 ## -
-- C0
-- PEPRU
999 ## - NÚMEROS DE CONTROL DE SISTEMA (KOHA)
-- DEWEY
-- 79412
-- 2021-11-9
-- 4
-- CCODEBUL1
-- BUL
-- 18.00
-- 0
-- Y
-- BOOK
-- 2018-12-13
-- TEOLOGIA
-- P85
-- COMPRA
-- FCOMPR2
-- .STAFF. Colección Teología
980 ## - EQUIVALENCIA O REFERENCIA-CRUZADA-MENCIÓN DE SERIE--NOMBRE DE PERSONA/TÍTULO [LOCAL, CANADÁ]
ID del último usuario que modificó el registro 1
Nombre del último usuario que modificó el registro ALBERTO SANCHEZ Responsable de Automatización
Existencias
Visto por última vez Número de inventario Total de préstamos Signatura topográfica completa Código de barras Copia número Coste, precio de reemplazo Fecha de reemplazo Facultad Tipo de ítem Koha Nota pública Estado de pérdida Fuente del sistema de clasificación o colocación Restricciones de uso No para préstamo Colección Programa académico Biblioteca de origen Biblioteca actual Ubicación en estantería Fecha de adquisición Fuente de adquisición Coste, precio normal de compra
2025-12-03 5   226.8 G76 79412 e1 23.00 2018-12-13   Libros físicos inventario-2023-12-13 No Perdido Clasificación Decimal Dewey No restringido Disponible para préstamos Colección General Maestría en teología Biblioteca CRAI UPeU Lima Biblioteca CRAI UPeU Lima Sala principal 2018-12-13 COMPRA 18.00